00592nam a2200205Ia 4500008004100000020001800041050001400059100001700073245002700090245002800117260001500145260001600160260000900176300001500185300002500200300001000225440002900235999001900264952010300283180207s9999 xx 000 0 und d a9780439686725 bW521 2006 aWest, Tracey aPokemon in disguise! / cadapted by Tracey West. aNew York : bScholastic, c2006 a32 pages : bcolor illustration ; c22cm. aPokemon advances reader. c355670d355670 001040aSSISMbSSISMd2018-02-07l0oER W521 2006pSSISM5215r2018-02-07 00:00:00w2018-02-07yBK